| 000 | nam a22 a 4500 | ||
|---|---|---|---|
| 999 |
_c2268 _d2268 |
||
| 005 | 20170515165800.0 | ||
| 008 | 170515b2006 my ||||| |||| 00| 0 eng d | ||
| 040 | _aAKMAL | ||
| 082 | _a382.7109595 BIL | ||
| 090 |
_a382.7109595 _bBIL |
||
| 245 | _aBilateral Free Trade Agreements / | ||
| 260 |
_aMalaysia _bAttorney General's Chamber _c2006 |
||
| 300 |
_a119p. _ccm |
||
| 942 |
_2ddc _cBOOK |
||